2022 AFC Teams Records - Statistics

General Stats
  • This quiz has been taken 4 times
  • The average score is 77 of 288
Answer Stats
Hint Answer % Correct
16th 0-0-1
75%
15th 0-0-1
50%
16th 0-1-1
50%
15th 0-1-1
50%
16th 0-2-1
50%
16th 0-3-1
50%
16th 1-10-1
50%
16th 1-11-1
50%
16th 1-12-1
50%
16th 1-3-1
50%
16th 1-4-1
50%
16th 1-5-1
50%
16th 1-6-1
50%
16th 1-7-1
50%
16th 1-8-1
50%
16th 1-9-1
50%
16th 2-12-1
50%
16th 2-13-1
50%
16th 3-13-1
50%
1st Chiefs
50%
14th 0-1
25%
13th 0-1
25%
12th 0-1
25%
10th 0-1
25%
9th 0-1
25%
6th 0-1
25%
3rd 0-1
25%
13th 0-2
25%
12th 0-2
25%
3rd 0-2
25%
13th 0-3
25%
11th 1-0
25%
8th 1-0
25%
7th 1-0
25%
5th 1-0
25%
4th 1-0
25%
2nd 1-0
25%
1st 1-0
25%
2nd 10-3
25%
1st 10-3
25%
3rd 10-4
25%
4th 10-5
25%
5th 10-6
25%
4th 10-6
25%
5th 10-7
25%
4th 10-7
25%
14th 1-1
25%
11th 1-1
25%
10th 1-1
25%
9th 1-1
25%
8th 1-1
25%
6th 1-1
25%
5th 1-1
25%
4th 1-1
25%
15th 1-1-1
25%
2nd 11-3
25%
1st 11-3
25%
3rd 11-4
25%
12th 1-2
25%
10th 1-2
25%
9th 1-2
25%
8th 1-2
25%
5th 1-2
25%
3rd 1-2
25%
15th 1-2-1
25%
2nd 12-3
25%
1st 12-3
25%
3rd 12-4
25%
2nd 12-4
25%
13th 1-3
25%
9th 1-3
25%
8th 1-3
25%
1st 13-3
25%
3rd 13-4
25%
2nd 13-4
25%
13th 1-4
25%
8th 1-4
25%
1st 14-3
25%
7th 2-0
25%
2nd 2-0
25%
1st 2-0
25%
14th 2-1
25%
11th 2-1
25%
6th 2-1
25%
4th 2-1
25%
2nd 2-1
25%
1st 2-1
25%
14th 2-2
25%
12th 2-2
25%
11th 2-2
25%
10th 2-2
25%
6th 2-2
25%
5th 2-2
25%
4th 2-2
25%
3rd 2-2
25%
15th 2-2-1
25%
14th 2-3
25%
11th 2-3
25%
9th 2-3
25%
6th 2-3
25%
3rd 2-3
25%
14th 2-4
25%
13th 2-4
25%
11th 2-4
25%
8th 2-4
25%
6th 2-4
25%
14th 2-5
25%
13th 2-5
25%
11th 2-5
25%
8th 2-5
25%
6th 2-5
25%
13th 2-6
25%
8th 2-6
25%
6th 2-6
25%
13th 2-7
25%
7th 3-0
25%
7th 3-1
25%
2nd 3-1
25%
1st 3-1
25%
14th 3-10
25%
12th 3-2
25%
10th 3-2
25%
7th 3-2
25%
5th 3-2
25%
4th 3-2
25%
15th 3-2-1
25%
9th 3-3
25%
7th 3-3
25%
4th 3-3
25%
3rd 3-3
25%
15th 3-3-1
25%
9th 3-4
25%
15th 3-4-1
25%
14th 3-5
25%
11th 3-5
25%
15th 3-5-1
25%
14th 3-6
25%
11th 3-6
25%
8th 3-6
25%
6th 3-6
25%
14th 3-7
25%
13th 3-7
25%
11th 3-7
25%
8th 3-7
25%
6th 3-7
25%
14th 3-8
25%
14th 3-9
25%
2nd 4-1
25%
1st 4-1
25%
14th 4-10
25%
15th 4-10-1
25%
14th 4-11
25%
15th 4-11-1
25%
14th 4-12
25%
15th 4-12-1
25%
12th 4-2
25%
10th 4-2
25%
5th 4-2
25%
1st 4-2
25%
7th 4-3
25%
5th 4-3
25%
4th 4-3
25%
3rd 4-3
25%
9th 4-4
25%
3rd 4-4
25%
15th 4-5-1
25%
15th 4-6-1
25%
13th 4-7
25%
11th 4-7
25%
8th 4-7
25%
6th 4-7
25%
15th 4-7-1
25%
6th 4-8
25%
15th 4-8-1
25%
15th 4-9-1
25%
2nd 5-1
25%
14th 5-12
25%
12th 5-2
25%
10th 5-2
25%
1st 5-2
25%
12th 5-3
25%
10th 5-3
25%
7th 5-3
25%
5th 5-3
25%
4th 5-3
25%
9th 5-4
25%
5th 5-4
25%
3rd 5-4
25%
5th 5-5
25%
13th 5-7
25%
11th 5-7
25%
8th 5-7
25%
13th 5-8
25%
11th 5-8
25%
8th 5-8
25%
6th 5-8
25%
2nd 6-1
25%
13th 6-10
25%
13th 6-11
25%
2nd 6-2
25%
1st 6-2
25%
12th 6-3
25%
10th 6-3
25%
7th 6-3
25%
4th 6-3
25%
2nd 6-3
25%
10th 6-4
25%
9th 6-4
25%
3rd 6-4
25%
9th 6-5
25%
5th 6-5
25%
9th 6-6
25%
5th 6-6
25%
13th 6-8
25%
11th 6-8
25%
8th 6-8
25%
6th 6-8
25%
13th 6-9
25%
11th 6-9
25%
12th 7-10
25%
11th 7-10
25%
10th 7-10
25%
1st 7-2
25%
12th 7-3
25%
7th 7-3
25%
4th 7-3
25%
2nd 7-3
25%
12th 7-4
25%
10th 7-4
25%
4th 7-4
25%
3rd 7-4
25%
12th 7-5
25%
10th 7-5
25%
12th 7-6
25%
10th 7-6
25%
9th 7-6
25%
5th 7-6
25%
12th 7-7
25%
10th 7-7
25%
9th 7-7
25%
12th 7-8
25%
10th 7-8
25%
9th 7-8
25%
8th 7-8
25%
6th 7-8
25%
12th 7-9
25%
11th 7-9
25%
10th 7-9
25%
1st 8-2
25%
7th 8-3
25%
2nd 8-3
25%
7th 8-4
25%
4th 8-4
25%
3rd 8-4
25%
7th 8-5
25%
7th 8-6
25%
5th 8-6
25%
7th 8-7
25%
9th 8-8
25%
8th 8-8
25%
7th 8-8
25%
6th 8-8
25%
9th 8-9
25%
1st 9-2
25%
2nd 9-3
25%
1st 9-3
25%
4th 9-4
25%
3rd 9-4
25%
4th 9-5
25%
5th 9-6
25%
8th 9-8
25%
7th 9-8
25%
6th 9-8
25%
3rd Bengals
25%
2nd Bills
25%
14th Broncos
25%
11th Browns
25%
5th Chargers
25%
15th Colts
25%
7th Dolphins
25%
6th Jaguars
25%
10th Jets
25%
9th Patriots
25%
13th Raiders
25%
4th Ravens
25%
8th Steelers
25%
16th Texans
25%
12th Titans
25%
No matching quizzes found
Score Distribution
Percent of People with Each Score
Percentile by Number Answered
Your Score History
You have not taken this quiz